Bioinformatics: An introductory textbook (Record no. 394826)

MARC details
000 -LEADER
fixed length control field 00492 a2200193 4500
005 - DATE & TIME
control field 20260407125925.0
008 - FIXED-LENGTH DATA ELEMENTS--GENERAL INFORMATION
fixed length control field 260407b |||||||| |||| 00| 0 eng d
020 ## - ISBN
International Standard Book Number 9783662650356
Price € 39.99
040 ## - CATALOGING SOURCE
Original cataloging agency VIVEKANANDA LIBRARY
082 ## - DDC NUMBER
Classification number 570.285
Book Number D197B
100 ## - MAIN ENTRY--PERSONAL NAME
Personal name Dandekar, Thomas
245 ## - TITLE STATEMENT
Title Bioinformatics: An introductory textbook
260 ## - PUBLICATION, DISTRIBUTION, ETC. (IMPRINT)
Name of publisher, distributor, etc Springer
Date of publication, distribution, etc 2023
Place of publication, distribution, etc Berlin
650 ## - Subject
Subject Life Sciences
650 ## - Subject
Subject Bioinformatics
650 ## - Subject
Subject Biology
700 ## - Added Entry Personal Name
Added Entry Personal Name Kunz, Meik
942 ## - ADDED ENTRY ELEMENTS (KOHA)
Koha item type Books
Holdings
Withdrawn status Lost status Source of classification or shelving scheme Damaged status Not for loan Location (home branch) Sublocation or collection (holding branch) Shelving location Date acquired Koha issues (times borrowed) Koha full call number Accession No. Koha date last seen Koha item type
    Dewey Decimal Classification     VIVEKANANDA LIBRARY VIVEKANANDA LIBRARY Vivekananda Library 21/01/2026   570.285 D197B 444573 21/01/2026 Books
© Designed and Maintained by Vivekananda Library, MDU Rohtak